000 00620nam a22002297a 4500
003 UA-OsUOA
001 90407
007 ta
008 20121116b un ||||| |||| 00| 0 ukr d
100 _aМаковей О. С.
090 _a821.161.2
_bМ16
942 _cBK
040 _aUA-OsUOA
_bukr
_cUA-OsUOA
_dUA-OsUOA
245 _aЯрошенко
_bісторична повість, нариси
300 _a286 с.
955 _a3
041 _aukr
080 _a821.161.2
260 _aК.
_bДніпро
_c1967
650 7 _a82 Література. Літературознавство
_2UDC
999 _c376416
_d376416